[Event "Kreuzberg 2000"]
[Site "Berlin"]
[Date "2000.07.27"]
[Round "6"]
[White "Knopf, Roland"]
[Black "Belostozkaja, Julia"]
[Result "0-1"]
[WhiteElo "1744"]
[BlackElo "2108"]
[PlyCount "102"]
[EventDate "2000.07.??"]
[EventType "swiss"]
[EventRounds "9"]
[EventCountry "GER"]
[SourceTitle "EXT 2001"]
[Source "ChessBase"]
[SourceDate "2000.11.22"]
[SourceVersion "1"]
[SourceVersionDate "2000.11.22"]
[SourceQuality "1"]

1. d4 g6 2. Nf3 Nf6 3. Bg5 Bg7 4. Nbd2 d6 5. e4 0-0 6. c3 Nbd7 7. Bc4 c5 8. 0-0 Qc7 9. Rc1 Nb6 10. Bd3 Bd7 11. Re1 c4 12. Bb1 e5 13. h3 h6 14. Be3 Rac8 15. Nf1 d5 16. Ng3 dxe4 17. Nxe5 Bf5 18. Qd2 Kh7 19. Bf4 Qd8 20. Nxe4 Nxe4 21. Bxe4 Bxe4 22. Rxe4 f5 23. Re2 Nd5 24. Rce1 Qa5 25. Nd7 Rfd8 26. Nc5 Qxa2 27. Ne6 Nxf4 28. Qxf4 Rd7 29. Nc5 Rf7 30. Qf3 Rcc7 31. Ne6 Rcd7 32. Nxg7 Rxg7 33. Re8 Qxb2 34. Qe3 Qb6 35. g4 Qd6 36. Re6 Qc7 37. f4 a5 38. Re5 b5 39. Rxb5 fxg4 40. Rc5 Qa7 41. Rc8 Rde7 42. Qf2 gxh3 43. Rxc4 Qd7 44. Re5 Qg4+ 45. Kh2 Rgf7 46. Qg3 h5 47. Rcc5 Rb7 48. Qxg4 hxg4 49. Kg3 Rb2 50. Kxg4 h2 51. Re1 Rg2+ 0-1

[Event "Bad Zwesten op 4th"]
[Site "Bad Zwesten"]
[Date "2000.01.13"]
[Round "6"]
[White "Naiditsch, Marija"]
[Black "Belostozkaja, Julia"]
[Result "0-1"]
[WhiteElo "1591"]
[BlackElo "1947"]
[PlyCount "104"]
[EventDate "2000.01.??"]
[EventType "swiss"]
[EventRounds "9"]
[EventCountry "GER"]
[SourceTitle "EXT 2001"]
[Source "ChessBase"]
[SourceDate "2000.11.22"]
[SourceVersion "1"]
[SourceVersionDate "2000.11.22"]
[SourceQuality "1"]

1. e4 d6 2. d4 Nf6 3. Nc3 g6 4. Nf3 Bg7 5. Be2 0-0 6. 0-0 c6 7. h3 Nbd7 8. a4 e5 9. dxe5 dxe5 10. Be3 Qe7 11. Qc1 Nc5 12. Bg5 Qc7 13. Qe3 Ne6 14. Bxf6 Bxf6 15. Rad1 Nf4 16. Bc4 Qe7 17. Ne2 Be6 18. Bxe6 Nxe6 19. Rd2 Rfd8 20. Rfd1 Rxd2 21. Rxd2 Ng5 22. Nc3 b6 23. Rd1 Ne6 24. Ne2 Rd8 25. Rxd8+ Qxd8 26. Qd2 Qxd2 27. Nxd2 Nc5 28. Nc3 Bg7 29. g4 Bh6 30. Nc4 f6 31. b3 Ne6 32. Ne2 Ng5 33. Ng3 Nxh3+ 34. Kg2 Nf4+ 35. Kf3 Ne6 36. Ne2 Bf8 37. Nd2 Kf7 38. Nc4 Ng5+ 39. Ke3 Bc5+ 40. Kd3 Bxf2 41. b4 h5 42. gxh5 gxh5 43. Nd6+ Kg6 44. Nf5 h4 45. c4 Kh5 46. b5 cxb5 47. cxb5 h3 48. Nfg3+ Bxg3 49. Nxg3+ Kg4 50. Nf1 Kf3 51. Nh2+ Kg2 52. Ng4 h2 0-1

[Event "Bad Zwesten op 4th"]
[Site "Bad Zwesten"]
[Date "2000.01.05"]
[Round "7"]
[White "Belostozkaja, Julia"]
[Black "Hauch, Joerg"]
[Result "1-0"]
[WhiteElo "1947"]
[BlackElo "2126"]
[PlyCount "97"]
[EventDate "2000.01.??"]
[EventType "swiss"]
[EventRounds "9"]
[EventCountry "GER"]
[SourceTitle "EXT 2001"]
[Source "ChessBase"]
[SourceDate "2000.11.22"]
[SourceVersion "1"]
[SourceVersionDate "2000.11.22"]
[SourceQuality "1"]

1. e4 c5 2. Nf3 Nc6 3. d4 cxd4 4. Nxd4 e5 5. Nb5 d6 6. N1c3 Nf6 7. Nd5 Nxd5 8. exd5 Ne7 9. c4 a6 10. Qa4 axb5 11. Qxa8 g6 12. Bg5 f5 13. cxb5 Bg7 14. Bxe7 Kxe7 15. Rc1 e4 16. Be2 Bxb2 17. Rc2 Bd4 18. 0-0 Bc5 19. Qa4 Bd7 20. Qc4 Qb6 21. a4 Rc8 22. Qa2 Qa5 23. Qb3 Kf7 24. Kh1 Ra8 25. Ra2 Qb6 26. Bc4 f4 27. Qc3 Bd4 28. Qd2 g5 29. Qe2 Bf5 30. Qh5+ Kf6 31. Qh6+ Bg6 32. h4 gxh4 33. Qxh4+ Kg7 34. Qxf4 Rf8 35. Qd2 Rf5 36. Be2 Rxd5 37. a5 Qd8 38. Ra3 Qf6 39. Rh3 Rf5 40. Qh6+ Kf7 41. Qh4 Qe5 42. f4 exf3 43. Rhxf3 Ke6 44. Rxf5 Bxf5 45. Bg4 Bxg4 46. Qxg4+ Ke7 47. Qh4+ Ke8 48. Re1 Be3 49. Qh3 1-0